[Event "SVK-chT2D 1213"]
[Site "Slovakia"]
[Date "2013.02.03"]
[Round "7.5"]
[White "Timko, Milan"]
[Black "Hlinka, Michal"]
[Result "1-0"]
[WhiteElo "1922"]
[BlackElo "2196"]
[PlyCount "125"]
[EventDate "2012.10.13"]
[EventType "team-tourn"]
[EventRounds "11"]
[EventCountry "SVK"]
[SourceTitle "EXT 2015"]
[Source "ChessBase"]
[SourceDate "2014.11.20"]
[SourceVersion "1"]
[SourceVersionDate "2014.11.20"]
[SourceQuality "1"]
[WhiteTeam "Kosice SK"]
[BlackTeam "Kosice Slavia UPJS III"]
[WhiteTeamCountry "SVK"]
[BlackTeamCountry "SVK"]

1. Nf3 Nf6 2. g3 g6 3. Bg2 Bg7 4. 0-0 0-0 5. d3 d6 6. e4 e5 7. Nbd2 Re8 8. c3 d5 9. exd5 Nxd5 10. Re1 Nc6 11. Nc4 Nb6 12. Bg5 f6 13. Nxb6 axb6 14. Be3 Bf5 15. d4 exd4 16. Nxd4 Nxd4 17. Qxd4 Qxd4 18. Bxd4 c5 19. Rxe8+ Rxe8 20. Be3 Be4 21. Rd1 Bxg2 22. Kxg2 Bf8 23. Rd7 Re7 24. Rd8 Kf7 25. Kf3 Re8 26. Rxe8 Kxe8 27. Ke4 Kd7 28. Kd5 Bd6 29. a4 Bc7 30. Bf4 Bd8 31. Bb8 Kc8 32. Ba7 Kd7 33. a5 bxa5 34. Kxc5 f5 35. Bb6 Be7+ 36. Kb5 a4 37. Kxa4 Kc6 38. Bd4 b5+ 39. Ka5 g5 40. h3 h5 41. Bb6 g4 42. hxg4 fxg4 43. b3 h4 44. gxh4 Bxh4 45. c4 bxc4 46. bxc4 g3 47. f3 Bg5 48. Bd4 Bd2+ 49. Ka4 Be1 50. Kb3 Kd6 51. Ba7 Ke6 52. Kc2 Kf5 53. Kd1 Bf2 54. Bxf2 gxf2 55. Ke2 f1Q+ 56. Kxf1 Ke5 57. Kg2 Kd4 58. Kg3 Kxc4 59. Kf4 Kd5 60. Kf5 Kd6 61. Kf6 Kd7 62. f4 Ke8 63. Kg7 1-0

[Event "SVK-chT2D 1213"]
[Site "Slovakia"]
[Date "2012.12.15"]
[Round "5.4"]
[White "Kostelnik, Peter"]
[Black "Hlinka, Michal"]
[Result "1/2-1/2"]
[WhiteElo "2009"]
[BlackElo "2196"]
[PlyCount "35"]
[EventDate "2012.10.13"]
[EventType "team-tourn"]
[EventRounds "11"]
[EventCountry "SVK"]
[SourceTitle "EXT 2015"]
[Source "ChessBase"]
[SourceDate "2014.11.20"]
[SourceVersion "1"]
[SourceVersionDate "2014.11.20"]
[SourceQuality "1"]
[WhiteTeam "Kosice Slavia TU IV"]
[BlackTeam "Kosice Slavia UPJS III"]
[WhiteTeamCountry "SVK"]
[BlackTeamCountry "SVK"]

1. d4 Nf6 2. c4 g6 3. Nc3 Bg7 4. e4 d6 5. f3 0-0 6. Be3 e5 7. d5 c6 8. Qd2 cxd5 9. cxd5 Na6 10. Nge2 h5 11. g3 Bd7 12. Bg2 b5 13. a3 Nc5 14. Rb1 a5 15. b4 axb4 16. axb4 Na4 17. Nxa4 Rxa4 18. 0-0 1/2-1/2

[Event "SVK-chT2D 1112"]
[Site "Slovakia"]
[Date "2012.01.28"]
[Round "8.5"]
[White "Repka, Christopher"]
[Black "Hlinka, Michal"]
[Result "1-0"]
[WhiteElo "2129"]
[BlackElo "2208"]
[PlyCount "79"]
[EventDate "2011.10.08"]
[EventType "team-tourn"]
[EventRounds "11"]
[EventCountry "SVK"]
[SourceTitle "EXT 2013"]
[Source "ChessBase"]
[SourceDate "2012.11.22"]
[SourceVersion "1"]
[SourceVersionDate "2012.11.22"]
[SourceQuality "1"]
[WhiteTeam "Stara Lubovna"]
[BlackTeam "Kosice Slavia TU IV"]
[WhiteTeamCountry "SVK"]
[BlackTeamCountry "SVK"]

1. Nf3 Nf6 2. d4 g6 3. Bf4 Bg7 4. e3 d6 5. Bd3 0-0 6. 0-0 Nh5 7. Bg5 h6 8. Bh4 c5 9. Nc3 Nc6 10. Nd5 Be6 11. c4 cxd4 12. exd4 Re8 13. Bc2 Bg4 14. Ba4 g5 15. Ne3 Bd7 16. Bg3 Nxg3 17. hxg3 Rf8 18. g4 Qc8 19. Bc2 Nb4 20. Bb1 e6 21. a3 Na6 22. d5 Nc5 23. Qc2 f5 24. dxe6 Ba4 25. Qe2 fxg4 26. Nxg4 Qxe6 27. Qxe6+ Nxe6 28. Be4 Nf4 29. Rfe1 h5 30. Ne3 g4 31. Nh4 Bxb2 32. Rab1 Bc3 33. Rf1 Bc6 34. Bxc6 bxc6 35. Nhf5 d5 36. cxd5 cxd5 37. Ne7+ Kg7 38. N7xd5 Nxd5 39. Nxd5 Bd4 40. Nc7 1-0

[Event "SVK-chT2D 10/11"]
[Site "Slovakia"]
[Date "2010.12.04"]
[Round "3.2"]
[White "Hennel, Karol"]
[Black "Hlinka, Michal"]
[Result "1/2-1/2"]
[WhiteElo "2074"]
[BlackElo "2215"]
[PlyCount "57"]
[EventDate "2010.10.23"]
[EventType "team-tourn"]
[EventRounds "11"]
[EventCountry "SVK"]
[SourceTitle "EXT 2019"]
[Source "ChessBase"]
[SourceDate "2018.10.10"]
[SourceVersion "1"]
[SourceVersionDate "2018.10.10"]
[SourceQuality "1"]
[WhiteTeam "Kezmarok KdV II"]
[BlackTeam "Kosice Slavia TU V"]
[WhiteTeamCountry "SVK"]
[BlackTeamCountry "SVK"]

1. e4 c5 2. c3 d5 3. exd5 Qxd5 4. d4 Nf6 5. Nf3 e6 6. Bd3 Nc6 7. 0-0 Be7 8. dxc5 Qxc5 9. Be3 Qd5 10. c4 Qd8 11. Nc3 0-0 12. Qe2 Bd7 13. Rad1 Qc8 14. Rfe1 Rd8 15. Bf4 Be8 16. Nb5 Rd7 17. Bb1 Bb4 18. Rxd7 Nxd7 19. Rd1 e5 20. Nxe5 Ncxe5 21. Bxe5 Nxe5 22. Qxe5 Qxc4 23. Bd3 Qc5 24. Qxc5 Bxc5 25. Nc7 Rc8 26. Nxe8 Rxe8 27. Kf1 g6 28. Bc4 Re7 29. a4 1/2-1/2

[Event "SVK-chT1E 0708"]
[Site "Slovakia"]
[Date "2008.02.09"]
[Round "8.3"]
[White "Hlinka, Michal"]
[Black "Stric, Dusan"]
[Result "1-0"]
[WhiteElo "2255"]
[BlackElo "2062"]
[PlyCount "127"]
[EventDate "2007.10.13"]
[EventType "team-swiss"]
[EventRounds "11"]
[EventCountry "SVK"]
[SourceTitle "EXT 2009"]
[Source "ChessBase"]
[SourceDate "2008.11.26"]
[SourceVersion "1"]
[SourceVersionDate "2008.11.26"]
[SourceQuality "1"]
[WhiteTeam "Kosice Slavia UPJS II"]
[BlackTeam "Liptov SK II"]
[WhiteTeamCountry "SVK"]
[BlackTeamCountry "SVK"]

1. d4 g6 2. Nf3 Bg7 3. g3 Nf6 4. Bg2 d5 5. 0-0 0-0 6. c4 c6 7. Qb3 Nbd7 8. cxd5 cxd5 9. Nc3 Nb6 10. Ne5 Bf5 11. Bf4 h6 12. Rfd1 g5 13. Be3 e6 14. f3 Nfd7 15. Nxd7 Qxd7 16. Bf2 Rfd8 17. h3 Bg6 18. e4 Rac8 19. Rac1 Nc4 20. exd5 exd5 21. f4 Nb6 22. fxg5 hxg5 23. a4 Be4 24. Bf1 Bf3 25. Re1 Nc4 26. Qc2 Rc6 27. b3 Nd6 28. Qd3 Qf5 29. g4 Qf4 30. Qe3 Qf6 31. Bg2 Bxg2 32. Kxg2 Nc8 33. Ne2 Re6 34. Qf3 Ne7 35. Ng3 Ng6 36. Nf5 Nf4+ 37. Kh2 Rxe1 38. Rxe1 Bf8 39. Bg3 Ng6 40. Nh6+ Kg7 41. Qxf6+ Kxf6 42. Rf1+ Nf4 43. Nf5 Bd6 44. Nxd6 Rxd6 45. h4 Rb6 46. hxg5+ Kxg5 47. Bxf4+ Kxg4 48. Bb8 Rxb3 49. Rxf7 a6 50. a5 b6 51. Rb7 Rb2+ 52. Kg1 b5 53. Rb6 Kf3 54. Bd6 Rb1+ 55. Kh2 Ke4 56. Bc5 Ra1 57. Rxa6 Kd3 58. Kg3 Ra4 59. Kf4 b4 60. Rb6 Rxa5 61. Rxb4 Ra8 62. Ke5 Rd8 63. Bd6 Kc3 64. Kxd5 1-0

[Event "SVK-chT1E 0708"]
[Site "Slovakia"]
[Date "2008.01.13"]
[Round "7.2"]
[White "Micek, Jaroslav"]
[Black "Hlinka, Michal"]
[Result "0-1"]
[WhiteElo "2071"]
[BlackElo "2255"]
[PlyCount "97"]
[EventDate "2007.10.13"]
[EventType "team-swiss"]
[EventRounds "11"]
[EventCountry "SVK"]
[SourceTitle "EXT 2009"]
[Source "ChessBase"]
[SourceDate "2008.11.26"]
[SourceVersion "1"]
[SourceVersionDate "2008.11.26"]
[SourceQuality "1"]
[WhiteTeam "Margecany OSK"]
[BlackTeam "Kosice Slavia UPJS II"]
[WhiteTeamCountry "SVK"]
[BlackTeamCountry "SVK"]

1. d4 Nf6 2. Bg5 Ne4 3. Bf4 d5 4. f3 Nf6 5. e4 e6 6. e5 Nfd7 7. Be3 c5 8. c3 Nc6 9. f4 Qb6 10. Qd2 c4 11. Nf3 a5 12. a4 Ne7 13. Na3 Nf5 14. Bf2 h5 15. Be2 Qc6 16. 0-0 Be7 17. Rfb1 0-0 18. b3 Bxa3 19. Rxa3 Nb6 20. Ng5 cxb3 21. Bb5 Qc7 22. Raxb3 f6 23. exf6 gxf6 24. Nf3 Nc4 25. Bxc4 Qxc4 26. Qd1 Qxa4 27. Nd2 Qe8 28. c4 Qg6 29. Rh3 a4 30. Nf3 Kf7 31. cxd5 exd5 32. Rb6 Qg4 33. Rxh5 Qxf4 34. g3 Qe4 35. Nd2 Qe8 36. Rh7+ Kg8 37. Rc7 Rf7 38. Qh5 Ng7 39. Qxd5 Be6 40. Qxb7 Rxc7 41. Qxc7 a3 42. Rb7 Qf8 43. Rb1 a2 44. Ra1 Qb4 45. Qc1 Rc8 46. Qd1 Bd5 47. Nf1 Qb2 48. Ne3 Be4 49. d5 0-1

[Event "SVK-chT 0607"]
[Site "Slovakia"]
[Date "2007.03.31"]
[Round "10"]
[White "Hlinka, Michal"]
[Black "Varga, David"]
[Result "1-0"]
[WhiteElo "2251"]
[BlackElo "2184"]
[PlyCount "139"]
[EventDate "2006.10.21"]
[EventType "team-tourn"]
[EventRounds "11"]
[EventCountry "SVK"]
[SourceTitle "EXT 2019"]
[Source "ChessBase"]
[SourceDate "2018.10.10"]
[SourceVersion "1"]
[SourceVersionDate "2018.10.10"]
[SourceQuality "1"]
[WhiteTeam "Kosice sachy.sk"]
[BlackTeam "Dunajska Streda"]
[WhiteTeamCountry "SVK"]
[BlackTeamCountry "SVK"]

1. d4 Nf6 2. Nf3 e6 3. g3 c5 4. Bg2 Nc6 5. 0-0 Be7 6. c4 d5 7. cxd5 Nxd5 8. Nc3 cxd4 9. Nxd5 exd5 10. Nxd4 0-0 11. Be3 Be6 12. Rc1 Ne5 13. Qb3 Qd7 14. Nxe6 fxe6 15. Rfd1 Bf6 16. Bh3 Qf7 17. Bc5 Rfe8 18. Qa4 Nc4 19. Ba3 a6 20. Rb1 Qh5 21. Bf1 b5 22. Qb3 Rac8 23. Bb4 Red8 24. Bc3 d4 25. Be1 Kh8 26. Qd3 e5 27. Bg2 Nd6 28. Bb4 Qf7 29. Qa3 Be7 30. Qxa6 Qc4 31. Bxd6 Rxd6 32. Qb7 Bg5 33. Qe4 Re8 34. b3 Qc3 35. h4 Bh6 36. a4 b4 37. Qb7 Rf6 38. Rf1 Qc2 39. Qe4 Qxe4 40. Bxe4 Ra6 41. Rb2 Kg8 42. Rc2 Kf7 43. Ra1 Ra5 44. Raa2 g6 45. Rc4 Bf8 46. Rac2 Bd6 47. Rc6 Rd8 48. Rb6 Ra7 49. Rcc6 Ke7 50. Kf1 Rdd7 51. h5 gxh5 52. Bxh7 Rac7 53. Be4 Rxc6 54. Bxc6 Rc7 55. Kg2 Ke6 56. Kh3 d3 57. exd3 Bc5 58. Ra6 Bxf2 59. Be4+ Ke7 60. Bd5 Kd8 61. Rf6 Rc2 62. Rf5 Bd4 63. Rxh5 Ke7 64. Rh6 Rc3 65. Bc4 Kd7 66. Kg4 e4 67. dxe4 Bf2 68. Rh3 Kd6 69. Kf4 Kc5 70. Rh5+ 1-0

[Event "SVK-chT1E 0607"]
[Site "Slovakia"]
[Date "2007.03.25"]
[Round "11.3"]
[White "Hlinka, Michal"]
[Black "Mrvova, Alena"]
[Result "1-0"]
[WhiteElo "2251"]
[BlackElo "2237"]
[PlyCount "97"]
[EventDate "2006.10.07"]
[EventType "team-tourn"]
[EventRounds "11"]
[EventCountry "SVK"]
[SourceTitle "EXT 2008"]
[Source "ChessBase"]
[SourceDate "2007.11.25"]
[SourceVersion "1"]
[SourceVersionDate "2007.11.25"]
[SourceQuality "1"]
[WhiteTeam "Kosice sachy.sk	 II"]
[BlackTeam "Presov Tatran"]
[WhiteTeamCountry "SVK"]
[BlackTeamCountry "SVK"]

1. d4 Nf6 2. Nf3 g6 3. g3 Bg7 4. Bg2 c5 5. 0-0 cxd4 6. Nxd4 0-0 7. c4 Qc7 8. b3 Nc6 9. Bb2 d6 10. Na3 a6 11. Nac2 Rb8 12. Qd2 Ne5 13. Rac1 Nfd7 14. Rfd1 Nc5 15. Ne3 Ng4 16. Nd5 Qd8 17. h3 Nxf2 18. Kxf2 e5 19. Nc2 Bxh3 20. Nc3 Qb6 21. e3 Bf5 22. Ne1 Bh6 23. Nd5 Qd8 24. b4 Ne4+ 25. Bxe4 Bxe4 26. Nc3 Bc6 27. b5 axb5 28. cxb5 Qf6+ 29. Kg1 Bd7 30. Ng2 Bh3 31. Rf1 Qe6 32. Ne4 Rbd8 33. Ba3 f5 34. Nf2 Bxg2 35. Kxg2 Rf7 36. Rh1 g5 37. e4 f4 38. Qd5 Qxd5 39. exd5 fxg3 40. Ne4 Bf8 41. Nxg5 Rf2+ 42. Kxg3 Rxa2 43. Rc3 Ra8 44. Bc1 Be7 45. Nxh7 Kf7 46. Rc7 Rg8+ 47. Bg5 Re8 48. Bxe7 Rxe7 49. Rf1+ 1-0

[Event "SVK-chT 0607"]
[Site "Slovakia"]
[Date "2007.02.18"]
[Round "9"]
[White "Hlinka, Michal"]
[Black "Janko, Ladislav"]
[Result "0-1"]
[WhiteElo "2251"]
[BlackElo "2180"]
[PlyCount "130"]
[EventDate "2006.10.21"]
[EventType "team-tourn"]
[EventRounds "11"]
[EventCountry "SVK"]
[SourceTitle "EXT 2019"]
[Source "ChessBase"]
[SourceDate "2018.10.10"]
[SourceVersion "1"]
[SourceVersionDate "2018.10.10"]
[SourceQuality "1"]
[WhiteTeam "Kosice sachy.sk"]
[BlackTeam "Nove Zamky Basta"]
[WhiteTeamCountry "SVK"]
[BlackTeamCountry "SVK"]

1. d4 g6 2. Nf3 Bg7 3. g3 c5 4. Bg2 cxd4 5. Nxd4 Nc6 6. Nb3 Nf6 7. Nc3 0-0 8. 0-0 d6 9. h3 Be6 10. e4 a5 11. a4 Bxb3 12. cxb3 Nd7 13. Be3 Rc8 14. Rc1 Nb4 15. Bd4 Bxd4 16. Qxd4 Nc5 17. Nd5 Nxb3 18. Rxc8 Nxd4 19. Rxd8 Rxd8 20. Nxe7+ Kf8 21. Nd5 Nxd5 22. exd5 Rc8 23. Rd1 Nb3 24. Bf1 Rc2 25. Bb5 Rxb2 26. Rd3 Nc5 27. Re3 Rb4 28. Re8+ Kg7 29. Ra8 Nxa4 30. Rxa5 Nc3 31. Bf1 Ra4 32. Rxa4 Nxa4 33. f4 Nc3 34. Kf2 b5 35. Ke3 Nxd5+ 36. Kd4 Nc7 37. Bd3 Kf6 38. Bc2 Ke7 39. Bb3 Ne6+ 40. Kc3 Nc5 41. Bd5 Na6 42. Kd4 h6 43. Kc3 Nc7 44. Bb3 d5 45. h4 Kd6 46. Kb4 Kc6 47. Bc2 Kb6 48. f5 gxf5 49. Bxf5 Na6+ 50. Kc3 Kc5 51. g4 d4+ 52. Kd2 f6 53. Bd7 Nb8 54. Be6 Nc6 55. Kd3 Ne5+ 56. Ke4 d3 57. g5 d2 58. Bb3 fxg5 59. hxg5 hxg5 60. Kxe5 Kb4 61. Bd1 Kc3 62. Ke4 Kb2 63. Ke3 Kc1 64. Ke2 g4 65. Bb3 g3 0-1

[Event "SVK-chT 0607"]
[Site "Slovakia"]
[Date "2007.01.07"]
[Round "7"]
[White "Kostelny, Jozef"]
[Black "Hlinka, Michal"]
[Result "1/2-1/2"]
[WhiteElo "2214"]
[BlackElo "2275"]
[PlyCount "114"]
[EventDate "2006.10.21"]
[EventType "team-tourn"]
[EventRounds "11"]
[EventCountry "SVK"]
[SourceTitle "EXT 2019"]
[Source "ChessBase"]
[SourceDate "2018.10.10"]
[SourceVersion "1"]
[SourceVersionDate "2018.10.10"]
[SourceQuality "1"]
[WhiteTeam "Zilina Mladost"]
[BlackTeam "Kosice sachy.sk"]
[WhiteTeamCountry "SVK"]
[BlackTeamCountry "SVK"]

1. d4 Nf6 2. c4 g6 3. Nc3 Bg7 4. e4 d6 5. Nf3 0-0 6. Be2 Nbd7 7. 0-0 e5 8. Be3 c6 9. Qc2 h6 10. dxe5 dxe5 11. Nd2 Qe7 12. Na4 Rd8 13. c5 Nf8 14. Nc4 Ng4 15. Bc1 h5 16. Nd6 Ne6 17. Bxg4 hxg4 18. Be3 Nd4 19. Qd3 Be6 20. b4 b5 21. Nb2 a5 22. a3 Nb3 23. Rab1 axb4 24. axb4 Ra3 25. Rfe1 Rda8 26. Qf1 Qh4 27. Red1 Bf6 28. g3 Qh5 29. f4 gxf3 30. Qf2 Ra2 31. Rf1 Bh3 32. Qxf3 Qxf3 33. Rxf3 Ra1 34. Rxa1 Rxa1+ 35. Kf2 Ra2 36. Rxf6 Rxb2+ 37. Ke1 Be6 38. Rf2 Rb1+ 39. Ke2 Na1 40. Rf1 Rb2+ 41. Kf3 Nc2 42. Bg5 Nxb4 43. Bf6 Nd3 44. Nb7 b4 45. Nd8 Nxc5 46. Nxc6 Rb3+ 47. Kg2 Nxe4 48. Bxe5 f5 49. Rd1 Nc3 50. Rd6 Bd5+ 51. Kh3 Bxc6 52. Rxg6+ Kf7 53. Rxc6 Ne4 54. Kh4 Rd3 55. Rb6 b3 56. g4 fxg4 57. Kxg4 Nf2+ 1/2-1/2